Code of Criminal Procedure [V of 1898] / (Record no. 613887)
[ view plain ]
| 000 -LEADER | |
|---|---|
| fixed length control field | 00371nam a22001337a 4500 |
| 082 ## - DEWEY DECIMAL CLASSIFICATION NUMBER | |
| Classification number | 345.5491 |
| Author Mark | ANJ |
| 100 ## - MAIN ENTRY--PERSONAL NAME | |
| Personal name | Ajnum, Ahsan Sohail |
| 245 ## - TITLE STATEMENT | |
| Title | Code of Criminal Procedure [V of 1898] / |
| Statement of responsibility, etc. | Ahsan Sohail Ajnum |
| 260 ## - PUBLICATION, DISTRIBUTION, ETC. | |
| Place of publication, distribution, etc. | Lahore : |
| Name of publisher, distributor, etc. | Mansoor Law Book House, |
| Date of publication, distribution, etc. | 2023. |
| 300 ## - PHYSICAL DESCRIPTION | |
| Extent | 888 p. ; |
| Accompanying material | 24 cm. |
| 563 ## - BINDING INFORMATION | |
| Binding note | HB. |
| 650 ## - SUBJECT ADDED ENTRY--TOPICAL TERM | |
| Topical term or geographic name entry element | Criminal Law |
| 942 ## - ADDED ENTRY ELEMENTS (KOHA) | |
| Source of classification or shelving scheme | |
| Koha item type | Book |
| Withdrawn status | Lost status | Source of classification or shelving scheme | Damaged status | Not for loan | Permanent Location | Current Location | Date acquired | Source of acquisition | Total Checkouts | Full call number | Barcode | Checked out | Date last seen | Date last checked out | Price effective from | Koha item type | Total Renewals |
|---|---|---|---|---|---|---|---|---|---|---|---|---|---|---|---|---|---|
| NUST Law School (NLS) | NUST Law School (NLS) | 06/25/2025 | Pakistan Law House | 1 | 345.5491 ANJ | NLS-1758 | 10/24/2025 | 09/24/2025 | 09/24/2025 | 06/25/2025 | Book | ||||||
| NUST Law School (NLS) | NUST Law School (NLS) | 06/25/2025 | Pakistan Law House | 1 | 345.5491 ANJ | NLS-1759 | 11/16/2025 | 09/19/2025 | 09/19/2025 | 06/25/2025 | Book | 1 | |||||
| NUST Law School (NLS) | NUST Law School (NLS) | 06/25/2025 | Pakistan Law House | 1 | 345.5491 ANJ | NLS-1760 | 10/19/2025 | 09/19/2025 | 09/19/2025 | 06/25/2025 | Book |
